LEADER 01472nam a2200337 u 4500 001 000000032702 003 CaOOAMICUS 005 20070226112300.0 008 971022s1991 it u000 u ita u 035 $a10773843 040 $aPUL$bita 041 1 $aita$hger 100 1 $aErnst, Josef.$0(OLS)http://pul/name/25207 240 10$aEvangelium nach Markus.$lItaliano.$0(OLS)http://pul/title/45091 245 13$aIl vangelo secondo Marco /$ctradotto e commentato da Josef Ernst. 260 $aBrescia :$bMorcelliana,$c1991. 300 $a2 v. ;$c23 cm 490 1 $aIl Nuovo Testamento commentato 500 $aContiene indice. 505 0 $av. 1. Marco 1,1-8,26 -- v. 2. Marco 8,27-16,20. 630 04$aBiblia.$pN.T.$pMarcus$vCommenti.$0(OLS)http://pul/subject/37849 730 0 $aBiblia.$pN.T.$pEvang. sec. Marcum.$lItaliano.$0(OLS)http://pul/title/43039 830 3$aIl Nuovo Testamento commentato.$0(OLS)http://pul/title/43471 850 $aPUL 852 $aPUL$W1$xSL Religione 1$y3$m9 B 74-75$j45020$nBK-PRI$b $qStampati$B45020$CPULBib$Z2$F45020 $H $81 852 $aPUL$W1$xSL Religione 1$y3$m9 B 74-75$j45020$nBK-PRI$b $qStampati$B45021$CPULBib$Z2$F45021 $H $81 941 1 $a8 961 $aINV: 71402-03. 961 $aINV: 71402-03. 996 $6245$aIl vangelo secondo Marco$9(OLS)http://pul/title/45092 996 $6260$aBrescia :$bMorcelliana$9(OLS)http://pul/publisher/47854 LEADER 01437nam a2200301 a 4500 001 000000173559 003 CaOOAMICUS 005 20250113173058.0 008 200615s2019 it u000 u ita r 020 $a978-88-8227-552-5* 032 $aLibriCat 040 $aPUL$bita 245 00$aDiscernimento e vita cristiana :$bAtti del XXVI Convegno ecumenico internazionale di spiritualitą ortodossa, Bose 5-8 settembre 2018 /$cA cura di Lisa Cremaschi e Adalberto Mainardi . 260 $aComunitą di Bose :$bEdizioni Qiqajon,$c©2019. 300 $a449 p. ;$c21 cm 500 $aInclude indici. 504 $aBibliografia in nota. 650 4$aVita cristiana.$0(OLS)http://pul/subject/1596 650 4$aSpiritualitą.$0(OLS)http://pul/subject/843 700 1 $aCremaschi, Lisa.$0(OLS)http://pul/name/26331 700 1 $aMainardi, Adalberto,$d1966-$0(OLS)http://pul/name/26688 850 $aPUL 852 $aPUL$W1$xSL Religione 3$y85$m261. 8 BEHJO 1$j197556$qDDC 21$B202342$CPULBib$Z2$F202342 $H134073 $82 941 1 $a9 996 $6020$a978-88-8227-552-5*$9(OLS)http://pul/number/167557 996 $6245$aDiscernimento e vita cristiana :$bAtti del XXVI Convegno ecumenico internazionale di spiritualitą ortodossa, Bose 5-8 settembre 2018$9(OLS)http://pul/title/214728 996 $6260$aComunitą di Bose :$bEdizioni Qiqajon$9(OLS)http://pul/publisher/63513